000 01129cam a22003377a 4500
003 CHAP
005 20220329142219.0
008 000222d1999 mx r 00010 spa d
010 _a80007
011 _a80979
035 _a91438
040 _cCHAP
090 _aFolleto 15963
100 0 0 _aDoger Guerrero, Enrique.
_933338
245 0 _aDiez años de transformación de la benemérita Universidad Autónoma de Puebla
_c/por Enrique Doger Guerrero
260 _aMéxico, D.F. :
_bAsociacion Nacional de Universidades e Instituciones de Educación Superior,
_c1999.
300 _a26 p. :
_bgráfs.
410 _aANUIES
490 0 _aColección documentos
590 _aBATCH-UPD
_b10
_c20130110
_lUCH01
_h0644
590 _aBATCH-UPD
_b10
_c20130410
_lUCH01
_h0328
590 _aBATCH-UPD
_b10
_c20130914
_lUCH01
_h1004
590 _aCONVERSION
_b10
_c20130109
_lUCH01
_h1344
650 1 4 _aUniversidades
_zPuebla.
_9116672
810 0 0 _aANUIES
_96161
830 0 _aColección documentos
_924828
901 _aBK
905 _aBlanca M. García O.
942 _cFOLL
949 _aFolleto 15963
_bBC
_cFOLL
_d914381
_eTS1
_i91438
_sb
999 _c80007
_d80007